• 首页
  • 本馆介绍
  • 公告通知
  • 最新文献
  • 馆藏检索
  • 电子资源
  • 读者导购
  • 参考咨询
  • 我的图书馆
  • 登录
  • 详细信息显示
  • 放入我的书架
  • 预约/预借图书
  • 作者相关作品
  • 分类相关作品
  • 丛书相关作品
  • 出版社相关作品

书目信息

  • 表格格式
  • 工作单格式
  • 卡片格式
题名:
道德情操论
    
 
作者: 斯密 著 ;韩巍 译
分册:  
出版信息: 北京   西苑出版社  2005
页数: 256页
开本: 21cm
丛书名:
单 册:
中图分类: B82-095.61 , B82
科图分类:
主题词: 伦理学--思想史--英国 , 思想史 , 伦理学
电子资源:
ISBN: 7-80210-051-8
000 00959nam0 2200277 450
001 0953642222
005 20090929160014.87
010    @a7-80210-051-8@dCNY20.00
100    @a20050607d2005 em y0chiy50 ea
101 1  @achi@ceng
102    @aCN@b110000
105    @ay z 000yy
106    @ar
200 1  @a道德情操论@f(英)亚当·斯密(Adam Smith)著@g韩巍译@Adao de qing cao lun
210    @a北京@c西苑出版社@d2005
215    @a256页@d21cm
330    @a本书分为七卷,前六卷分别从不同方面层层深入地论述了人们的情感和伦理道德产生的原因和基础,第七卷“论道德哲学的体系”是在前六卷基础上对此前的各种伦理学体系所作的论述。
606 0  @a伦理学@x思想史@y英国
606 0  @a思想史
606 0  @a伦理学
690    @aB82-095.61@v4
690    @aB82@v4
701  0 @c(英)@a斯密@c(Smith, Adam@f1723~1790)@4著@Asi mi
702  0 @a韩巍@c(翻译)@4译@Ahan wei
801  0 @aCN@b大连网信软件有限公司图书馆·11@c20090929
905    @a10447@dB82@eJY109
    
    道德情操论/(英)亚当·斯密(Adam Smith)著/韩巍译.-北京:西苑出版社,2005
    256页;21cm
    
    
    ISBN 7-80210-051-8:CNY20.00
    本书分为七卷,前六卷分别从不同方面层层深入地论述了人们的情感和伦理道德产生的原因和基础,第七卷“论道德哲学的体系”是在前六卷基础上对此前的各种伦理学体系所作的论述。
●
相关链接 在E读中查询图书 在五车中查询图书 在当当中查询图书 在豆瓣中查询图书


正题名:道德情操论     索取号:B82/JY109         预约/预借

序号 登录号 条形码 馆藏地/架位号 状态 备注
1 7820056   278200563   学院路分馆/ [索取号:B82/JY109] 在馆    
2 7820057   278200572   学院路分馆/ [索取号:B82/JY109] 在馆    
3 7820058   278200581   学院路分馆/ [索取号:B82/JY109] 在馆    
4 7820059   278200590   学院路分馆/ [索取号:B82/JY109] 在馆    
唐山师范学院图书馆 欢迎您!
大连网信软件有限公司© 版权所有